000
00213 a2200097 4500
001
42583
100
_a
Vagts
245
_a
history of militarism (355.4)
260
_a
London
_b
Hollis
_c
1959
090
_c
26489
_d
26489
942
_a
NUST-CAE
_c
M
_c
18323
999
_c
277656
_d
277656